<?xml version="1.0" encoding="UTF-8"?>
<record
    xmlns:xsi="http://www.w3.org/2001/XMLSchema-instance"
    xsi:schemaLocation="http://www.loc.gov/MARC21/slim http://www.loc.gov/standards/marcxml/schema/MARC21slim.xsd"
    xmlns="http://www.loc.gov/MARC21/slim">

  <leader>02790njm a2200457Ia 4500</leader>
  <controlfield tag="001">90276</controlfield>
  <controlfield tag="003">IT-RoPAU</controlfield>
  <controlfield tag="005">20220918181121.0</controlfield>
  <controlfield tag="008">131025s9999    xx            000 0 und d</controlfield>
  <datafield tag="040" ind1=" " ind2=" ">
    <subfield code="a">IT-RoPAU</subfield>
  </datafield>
  <datafield tag="040" ind1=" " ind2=" ">
    <subfield code="c">IT-RoPAU</subfield>
  </datafield>
  <datafield tag="041" ind1=" " ind2=" ">
    <subfield code="a">INGLESE</subfield>
  </datafield>
  <datafield tag="999" ind1=" " ind2=" ">
    <subfield code="c">99799</subfield>
    <subfield code="d">99799</subfield>
  </datafield>
  <datafield tag="999" ind1=" " ind2=" ">
    <subfield code="b">n.d.</subfield>
  </datafield>
  <datafield tag="100" ind1=" " ind2=" ">
    <subfield code="a">AA.VV.</subfield>
    <subfield code="9">794</subfield>
  </datafield>
  <datafield tag="100" ind1=" " ind2=" ">
    <subfield code="e">Autore musica</subfield>
    <subfield code="9">27089</subfield>
  </datafield>
  <datafield tag="100" ind1=" " ind2=" ">
    <subfield code="g">Codice autore musica SPICS: 12000</subfield>
    <subfield code="9">796</subfield>
  </datafield>
  <datafield tag="245" ind1=" " ind2=" ">
    <subfield code="a">Miami Vice II</subfield>
  </datafield>
  <datafield tag="250" ind1=" " ind2=" ">
    <subfield code="a">1a ed.</subfield>
  </datafield>
  <datafield tag="260" ind1=" " ind2=" ">
    <subfield code="a">USA</subfield>
  </datafield>
  <datafield tag="260" ind1=" " ind2=" ">
    <subfield code="b">MCA RECORDS</subfield>
    <subfield code="c">1986 [1a Ed.:1986 - Ed. Lingua Orig.: 1982]</subfield>
  </datafield>
  <datafield tag="300" ind1=" " ind2=" ">
    <subfield code="a">DISCO</subfield>
  </datafield>
  <datafield tag="300" ind1=" " ind2=" ">
    <subfield code="c">45 minuti (Testo: 0 pag.)</subfield>
  </datafield>
  <datafield tag="500" ind1=" " ind2=" ">
    <subfield code="a">Colonna sonora. New Musi From the Television Series "Miami Vice" Starring Don Johnson and Philip Michael Thomas</subfield>
  </datafield>
  <datafield tag="505" ind1=" " ind2=" ">
    <subfield code="a">Mercy [(Jones Steve) (5:00)] - Send It To Me [(Knight Gladys) (5:00)] - Take Me Home [(Collins Phil) (6:00)] - The Last Unbroken Heart [(Labelle Patti) (4:00)] - Crockett's Theme [(Instrumental) (Hammer Jan) (4:00)] - When the Rain Comes Down [(Taylor Andy) (4:00)] - Lover [(Music Roxy) (4:00)] - Lives In the Balance [(Browne Jackson) (5:00)] - In Dulce Decorum [(The Damned) (5:00)] - Miami Vice: New York Theme [(Hammer Jan) (3:00)] - The Original Miami Vice Theme [(Hammer Jan) (6:00)]</subfield>
  </datafield>
  <datafield tag="650" ind1=" " ind2=" ">
    <subfield code="a">COLONNA SONORA [DISCHI]</subfield>
    <subfield code="e">Codice MATERIA SPICS: 9950</subfield>
    <subfield code="9">27090</subfield>
  </datafield>
  <datafield tag="700" ind1=" " ind2=" ">
    <subfield code="a">Jones Steve</subfield>
    <subfield code="d">Codice autore musica SPICS: 32226</subfield>
    <subfield code="e">Autore musica</subfield>
    <subfield code="p">Mercy</subfield>
    <subfield code="9">27091</subfield>
  </datafield>
  <datafield tag="700" ind1=" " ind2=" ">
    <subfield code="a">Willis A.</subfield>
    <subfield code="d">Codice autore musica SPICS: 32227</subfield>
    <subfield code="e">Autore musica</subfield>
    <subfield code="p">Send It To Me</subfield>
    <subfield code="9">27092</subfield>
  </datafield>
  <datafield tag="700" ind1=" " ind2=" ">
    <subfield code="a">Wood L.</subfield>
    <subfield code="d">Codice autore SPICS: 32225</subfield>
    <subfield code="e">Autore</subfield>
    <subfield code="p">Send It To Me</subfield>
    <subfield code="9">27093</subfield>
  </datafield>
  <datafield tag="700" ind1=" " ind2=" ">
    <subfield code="a">Collins Phil</subfield>
    <subfield code="d">Codice autore musica SPICS: 11292</subfield>
    <subfield code="e">Autore musica</subfield>
    <subfield code="p">Take Me Home</subfield>
    <subfield code="9">27094</subfield>
  </datafield>
  <datafield tag="700" ind1=" " ind2=" ">
    <subfield code="a">Gordon Peter</subfield>
    <subfield code="d">Codice autore musica SPICS: 16804</subfield>
    <subfield code="e">Autore musica</subfield>
    <subfield code="p">The Last Unbroken Heart</subfield>
    <subfield code="9">27095</subfield>
  </datafield>
  <datafield tag="700" ind1=" " ind2=" ">
    <subfield code="a">Williams James</subfield>
    <subfield code="d">Codice autore SPICS: 16231</subfield>
    <subfield code="e">Autore</subfield>
    <subfield code="p">The Last Unbroken Heart</subfield>
    <subfield code="9">27096</subfield>
  </datafield>
  <datafield tag="700" ind1=" " ind2=" ">
    <subfield code="a">Gruska J.</subfield>
    <subfield code="d">Codice autore testo/musica SPICS: 32228</subfield>
    <subfield code="e">Autore testo/musica</subfield>
    <subfield code="p">The Last Unbroken Heart</subfield>
    <subfield code="9">27097</subfield>
  </datafield>
  <datafield tag="700" ind1=" " ind2=" ">
    <subfield code="a">Hammer Jan</subfield>
    <subfield code="d">Codice autore musica SPICS: 18133</subfield>
    <subfield code="e">Autore musica</subfield>
    <subfield code="p">Crockett's Theme - Miami Vice: New York Theme - The Original Miami Vice Theme</subfield>
    <subfield code="9">27098</subfield>
  </datafield>
  <datafield tag="700" ind1=" " ind2=" ">
    <subfield code="a">Taylor Andy</subfield>
    <subfield code="d">Codice autore musica SPICS: 32229</subfield>
    <subfield code="e">Autore musica</subfield>
    <subfield code="p">When the Rain Comes Down</subfield>
    <subfield code="9">27099</subfield>
  </datafield>
  <datafield tag="700" ind1=" " ind2=" ">
    <subfield code="a">Jones Steve</subfield>
    <subfield code="d">Codice autore SPICS: 32226</subfield>
    <subfield code="e">Autore</subfield>
    <subfield code="p">When the Rain Comes Down</subfield>
    <subfield code="9">27100</subfield>
  </datafield>
  <datafield tag="700" ind1=" " ind2=" ">
    <subfield code="a">Ferry Bryan</subfield>
    <subfield code="d">Codice autore musica SPICS: 16471</subfield>
    <subfield code="e">Autore musica</subfield>
    <subfield code="p">Lover</subfield>
    <subfield code="9">27101</subfield>
  </datafield>
  <datafield tag="700" ind1=" " ind2=" ">
    <subfield code="a">Manzanera P.</subfield>
    <subfield code="d">Codice autore SPICS: 32230</subfield>
    <subfield code="e">Autore</subfield>
    <subfield code="p">Lover</subfield>
    <subfield code="9">27102</subfield>
  </datafield>
  <datafield tag="700" ind1=" " ind2=" ">
    <subfield code="a">Browne Jackson</subfield>
    <subfield code="d">Codice autore musica SPICS: 8288</subfield>
    <subfield code="e">Autore musica</subfield>
    <subfield code="p">Lives In the Balance</subfield>
    <subfield code="9">27103</subfield>
  </datafield>
  <datafield tag="700" ind1=" " ind2=" ">
    <subfield code="a">The Damned</subfield>
    <subfield code="d">Codice autore musica SPICS: 32232</subfield>
    <subfield code="e">Autore musica</subfield>
    <subfield code="p">In Dulce Decorum</subfield>
    <subfield code="9">27104</subfield>
  </datafield>
  <datafield tag="942" ind1=" " ind2=" ">
    <subfield code="c">MD</subfield>
    <subfield code="2">ddc</subfield>
  </datafield>
  <datafield tag="952" ind1=" " ind2=" ">
    <subfield code="0">0</subfield>
    <subfield code="1">0</subfield>
    <subfield code="4">0</subfield>
    <subfield code="6">90276_000000000000000</subfield>
    <subfield code="7">1</subfield>
    <subfield code="a">SPICS</subfield>
    <subfield code="b">SPICS</subfield>
    <subfield code="d">2013-10-25</subfield>
    <subfield code="l">0</subfield>
    <subfield code="o">90276</subfield>
    <subfield code="r">2013-10-25 00:00:00</subfield>
    <subfield code="w">2013-10-25</subfield>
    <subfield code="y">MD</subfield>
    <subfield code="z">Progr. Ins.: 21686 / N.Vol.: 1 / Copie: 1 - Copia rara: n.d. / date import: 01.01.2014 - By Epidotti, Trombetti, Vaglietti</subfield>
  </datafield>
</record>
